[Event "IECG CB.2001.0.00018 email"]
[Site "IECG email"]
[Date "2001.10.28"]
[Round "?"]
[White "Prieto, Adolfo Polo"]
[Black "Berk, Cem"]
[Result "1/2-1/2"]
[WhiteElo "1800"]
[BlackElo "1672"]
[PlyCount "84"]
[EventDate "2001.10.28"]
[EventType "tourn (corr)"]
[EventRounds "6"]
[SourceTitle "Corr 2008"]
[Source "ChessBase"]
[SourceDate "2008.06.24"]
[SourceVersion "1"]
[SourceVersionDate "2008.06.24"]
[SourceQuality "1"]

1. c4 e5 2. Nc3 Nf6 3. g3 c6 4. Nf3 e4 5. Nd4 d5 6. cxd5 cxd5 7. d3 Bc5 8. Nb3 Bb4 9. a3 Bxc3+ 10. bxc3 Nc6 11. Bg2 0-0 12. 0-0 Qe7 13. a4 Re8 14. Bf4 Bg4 15. Qd2 Qe6 16. Rfb1 b6 17. a5 Bh3 18. Bh1 h6 19. Be3 Ne5 20. Nd4 Qd7 21. f3 exd3 22. exd3 bxa5 23. Bg2 Bxg2 24. Kxg2 Qc7 25. Rb5 Rac8 26. Ra3 a4 27. Rb4 Nc6 28. Rbxa4 Nd7 29. Nxc6 Qxc6 30. Ra6 Qb5 31. R6a5 Qb1 32. f4 d4 33. Bxd4 Qb7+ 34. Kh3 Qf3 35. Ra2 a6 36. Qf2 Qxd3 37. Rxa6 Nf8 38. Kg2 Ne6 39. Qf3 Qc4 40. R6a4 Nxd4 41. cxd4 Qb5 42. d5 Red8 1/2-1/2

[Event "IECG C1.2001.0.00345"]
[Site "IECG email"]
[Date "2001.05.25"]
[Round "?"]
[White "Prieto, Adolfo Polo"]
[Black "Kresz, Laszlo"]
[Result "1-0"]
[WhiteElo "1800"]
[BlackElo "1934"]
[PlyCount "35"]
[EventDate "2001.03.15"]
[EventType "tourn (corr)"]
[EventRounds "6"]
[SourceTitle "Corr 2008"]
[Source "ChessBase"]
[SourceDate "2008.06.24"]
[SourceVersion "1"]
[SourceVersionDate "2008.06.24"]
[SourceQuality "1"]

1. c4 g6 2. d4 Nf6 3. Nc3 d5 4. Bf4 Bg7 5. e3 0-0 6. Rc1 c5 7. dxc5 Be6 8. Nf3 Nc6 9. Be2 Ne4 10. 0-0 Nxc3 11. bxc3 dxc4 12. Ng5 Bd7 13. Bxc4 Ne5 14. Bxe5 Bxe5 15. Nxf7 Rxf7 16. Bxf7+ Kxf7 17. Qd5+ Kf6 18. Rfd1 1-0